Statystyki dla Dopasuj Miasto do Autobusu (Polska)

Kliknij tutaj aby rozwiązać quiz!

Ogólne statystyki

  • Ten quiz został rozwiązany 47 razy
  • Średni wynik to 4 z 6

Statystyki odpowiedzi

Odpowiedź% Poprawnych
Warszawa
100%
Poznań
95%
GOP
89%
Trójmiasto
89%
Bydgoszcz
54%
Zamość
11%

Rozkład punktacji

Percentyl według liczby udzielonych odpowiedzi

Procent ludzi z każdym wynikiem

Twoja historia wyników

Nie rozwiązałeś tego quizu